Kongresový cestovný ruch vo svete

Bibliographic Details
Format: Article
Language:Slovak
PhysicalDescription:Tab.
ISSN:0139-8660
Subjects:

MARC

LEADER 00000nab a2200000 a 4500
001 vtls000819878
003 SK-MaSNL
005 20260302152029.0
008 140402c2002 xo 0 slo
015 |a SNBRB2002/12-42792 
035 |a CLN000171533 
040 |a SNKBUCL  |b slo  |c SNKBUCL  |e AACR2 
041 0 |a slo 
044 |a xo  |c SK 
080 |a 338.48:061.3  |2 1997 
080 |a 061.3  |2 1997 
245 0 0 |a Kongresový cestovný ruch vo svete 
300 |b Tab. 
650 0 7 |a kongresový cestovný ruch  |2 snkbucl  |9 16739 
655 7 |a články z novín a časopisov  |2 snkbucl  |9 267496 
773 0 |t Ekonomická revue cestovného ruchu  |g Roč. 35, č. 4 (2002), s. 253-254  |x 0139-8660 
850 |a Slovenská národná knižnica v Martine 
852 |a SNK  |b KIS3GCP 
992 |a RBX 
999 |c 1361539  |d 1363469